| 000 | 00000nam##2200000za#4500 |
| 001 | 9.692717 |
| 003 | CaOODSP |
| 005 | 20210624233335 |
| 007 | cr ||||||||||| |
| 008 | 150407|2003||||xxc|||||o f|0| 0 eng|d |
| 040 | |aCaOODSP|beng |
| 043 | |an-cn--- |
| 086 | 1 |aCH4-73/2003E-PDF |
| 110 | 1 |aCanada. |bCanadian Heritage. |
| 245 | 10|aTrade routes : |h[electronic resource]|bapplication guidelines for the Trade Routes Contributions Program |
| 260 | |aOttawa - Ontario : |bCanadian Heritage |cc2003. |
| 300 | |a16p. |
| 500 | |aThe Catalogue No. (CH4-73/2003) and ISBN (0-662-67362-X) of the bilingual print edition have been incorrectly copied in the pdf edition. |
| 590 | |a10-10-Supp|b2010-11-09 |
| 690 | 07|aArts|2gcpds |
| 690 | 07|aCulture|2gcpds |
| 690 | 07|aTrade|2gcpds |
| 775 | 08|tRoutes commerciales : |w(CaOODSP)9.636936 |
| 776 | 0#|tTrade routes : |w(CaOODSP)9.664661 |
| 776 | 0#|tRoutes commerciales : |w(CaOODSP)9.664662 |
| 856 | 40|ahttp://publications.gc.ca|qPDF|s254 KB|uhttps://publications.gc.ca/collections/Collection/CH4-73-2003E.pdf |